Most Common Animal ABC Book Quiz Stats

Quiz Updated Nov 16, 2017

Challenge
Share
Tweet
Embed
Score 0/26 Timer 05:00
0 Plays Today
Question Answer Wrong Answers
E Elephant
97%
Echidna
0.2%
Eagle
1.6%
Elk
0.2%
Z Zebra
95.3%
Zorilla
0.3%
Zebu
0.6%
Zonkey
0.4%
D Dog
93.9%
Duck
4.7%
Donkey
0.5%
Dugong
0.1%
Q Quail
91.6%
Quagga
1.5%
Quetzal
2.5%
Quokka
1.3%
I Iguana
91.4%
Ibex
1.3%
Ibis
2%
Impala
3.3%
C Cat
90.8%
Camel
2%
Cheetah
1%
Caterpillar
5.8%
L Lion
88.8%
Ladybug
3.5%
Leopard
3.3%
Llama
2%
X X-Ray Fish
80.7%
Xiphias
2.4%
Xenurus
3.3%
Xenopus
10.2%
Y Yak
79.8%
Yeti
8.7%
Yellowfish
7.9%
Yapok
0.2%
B Bear
79%
Bat
4.4%
Badger
0.6%
Butterfly
15.9%
K Kangaroo
76.6%
Koala
9.5%
Kingfisher
0.2%
Kitten
11.6%
U Unicorn
76.2%
Urchin
14.7%
Umbrella Fish
5.3%
Uakari
0.5%
G Giraffe
75.6%
Gorilla
11.2%
Gecko
0.2%
Goat
11.5%
V Vulture
75.3%
Vole
5.4%
Viper
15.3%
Vicuna
0.8%
R Rabbit
72.3%
Rhinoceros
16.6%
Raccoon
3.3%
Rat
4.7%
A Alligator
71.1%
Ant
19.5%
Ape
9%
Anaconda
0.3%
J Jaguar
70.4%
Jellyfish
25%
Jackal
2.4%
Javanese
0.1%
M Monkey
69.4%
Mouse
26.4%
Meerkat
0.2%
Moose
1.6%
P Pig
68.7%
Parrot
3.4%
Penguin
24.8%
Python
0.3%
T Tiger
66.6%
Turtle
29.7%
Toucan
0.3%
Tarantula
0.3%
O Owl
60.8%
Octopus
28%
Ostrich
8%
Orca
0.5%
S Snake
60.7%
Sheep
32.4%
Snail
3.1%
Sloth
0.7%
F Frog
39.1%
Fox
24.8%
Fish
33.7%
Flamingo
1.3%
H Hippopotamus
27.4%
Horse
69.5%
Hummingbird
0.3%
Hamster
1.1%
N Nightingale
21.7%
Newt
47.2%
Narwhal
26.8%
Nautilus
1.7%
W Walrus
13.5%
Whale
51.9%
Wolf
30.7%
Wombat
0.5%

You're not logged in!

Compare scores with friends on all Sporcle quizzes.
Join for Free
OR
Log In

You Might Also Like...

Show Comments

Extras

Top Quizzes Today


Score Distribution

Your Account Isn't Verified!

In order to create a playlist on Sporcle, you need to verify the email address you used during registration. Go to your Sporcle Settings to finish the process.

Report this User

Report this user for behavior that violates our Community Guidelines.

Details: